000 00979cam a2200301 i 4500
001 bg
003 BPK
005 20210712133126.0
008 011205s2001 pl f f |001 0 pol
015 _aPB 2001/19582
020 _a8388296736
040 _aWA N
_cBPK
041 0 _apol
080 _a321(091)
080 _a342(091)
080 _a(075.8)
100 1 _aGórski, Grzegorz
_d(1961- )
_eAutor
245 1 0 _aHistoria ustrojów państw /
_cGrzegorz Górski, Stanisław Salmonowicz.
260 _aWarszawa :
_bWydaw. Prawnicze "LexisNexis",
_c2001.
300 _a718 s. ;
_c24 cm.
504 _aIndeks.
650 4 _aPaństwo
_xustrój
_xhistoria.
655 4 _aPodręczniki akademickie
710 2 _aWydawnictwo Prawnicze LexisNexis
_4pbl.
700 1 _aSalmonowicz, Stanisław
_d(1931- )
_eAutor
856 _uhttp://koha.tu.koszalin.pl/cgi-bin/koha/opac-detail.pl?biblionumber=40426
_yKatalog online BPK
942 _2UKD
_cKS
999 _c40426
_d40426